Dzielnice/Osiedla Jaworzna - Statystyki

Ogólne statystyki
  • Ten quiz został rozwiązany 20 razy
    16 od ostatniego zresetowania
  • Średni wynik to 21 z 43
Statystyki odpowiedzi
Odpowiedź % Poprawnych
Ciężkowice 7
80%
Dąb 9
80%
Szczakowa 35
80%
Bory 2
70%
Byczyna 4
70%
Dąbrowa Narodowa 10
70%
Łubowiec 22
70%
Azot 1
60%
Długoszyn 11
60%
Jeleń 17
60%
Koźmin 20
60%
Niedzieliska 24
60%
Osiedle Stałe 27
60%
Podłęże 32
60%
Podwale 33
60%
Śródmieście 39
60%
Warpie 40
60%
Cezarówka Dolna 6
50%
Cezarówka Górna 5
50%
Chropaczówka 8
50%
Dobra 12
50%
Gigant 14
50%
Góra Piasku 16
50%
Jeziorki 18
50%
Pieczyska 31
50%
Pszczelnik 34
50%
Stara Huta 38
50%
Wilkoszyn 42
50%
Łęg 23
40%
Osiedle Tadeusza Kościuszki 28
40%
Pechnik 30
40%
Skałka 37
40%
Wesołe Miasteczko 41
40%
Bobrowa Górka 3
30%
Leopold 21
30%
Osiedle Sfera 26
30%
Szczotki 36
30%
Wysoki Brzeg 43
30%
Galmany 13
20%
Górka 15
20%
Kanty 19
10%
Osiedle Cegielniana 25
10%
Osiedle Wandy 29
10%
Nie znaleziono quizów pasujących do podanych kryteriów
Rozkład punktacji
Procent ludzi z każdym wynikiem
Percentyl według liczby udzielonych odpowiedzi
Twoja historia wyników
Nie rozwiązałeś tego quizu od ostatniego zresetowania